01318nam a22001817a 450000500170000000800410001702000180005804000800007604100080015608200180016410000170018224500540019926000380025330000260029136500790031752007160039665000240111220230324100720.0220909b ||||| |||| 00| 0 eng d a9782884790826 cAL  aeng 223a775bEVAC aDuncan Evans aComprehensive guide to digital travel photography aSwitzerlandbAVA Publishingc2005 a143p.bPBc22X19.2cm. 2GeneralaWORDI/2022/CRB/1323b₹1600.00d₹2285.82e30%f26-08-2022c₹ aThe digital revolution has added a myriad of possibilities for artistic and creative interpretation and, with no need for darkrooms and chemical processing, producing a photograph could not be easier. In this, the latest addition to AVA's Digital Photography series, shooting images and post-capture digital enhancement in a variety of environments are fully explored. The book covers a variety of different locations worldwide. The author explains the photographer's motives under the three headings 'shoot', 'enhance' and 'enjoy'. This book will be an invaluable resource for all those wanting to get the best from their digital camera whilst travelling, whether an experienced photographer or happy-snapper.  2Digital Photography